| 000 | 00660nam a22001937a 4500 | ||
|---|---|---|---|
| 005 | 20150605153712.0 | ||
| 010 | _aENG-112683 | ||
| 020 |
_c110.00 _a9788123762814 |
||
| 035 | _aEN-96215 | ||
| 037 | _bDBAD/PUB | ||
| 082 | _a921 | ||
| 100 | _aLajpat Rai | ||
| 245 | 0 | 0 |
_aYoung India : _cby Lajpat Rai ; edited by K.L. Tuteja _ban interpretation and a history of the nationalist movement from within / |
| 260 |
_aNew Delhi _bNational Book Trust _c2011 |
||
| 270 |
_aNehru Bhawan, 5 Institutional Area, Phase-ll Vasant Kunj _bNew Delhi _e110070 |
||
| 300 |
_axxxi,218p. _c22cm(pbk) |
||
| 700 | _aTuteja, K.L. | ||
| 942 |
_2ddc _cEN _mLAJ _h921 |
||
| 999 |
_c92923 _d92923 |
||